000 01101cab a2200265 4500
001 ABS58991
008 090401t1998 xxu||||| |||| 00| 0 eng d
035 _a(Sirsi) u87524
041 _aeng
100 _aGould, N.
245 _aCrouch overruled!
260 _c1998
350 _a0
490 _aBuilding Trade and Industry
_v14(7) July 1998, 2(1)
520 _aExamines the case of "Beaufort Developments Ltd v Gilbert Ash (NI) Ltd and others" and, discusses the ramifications for construction dispute resolution. Considers Amendment 18 to the JCT80 and the provisions of s108 of the Housing Grants, Construction and Regeneration Act 1996.
650 _aARCHITECTS' CERTIFICATES
650 _aBEAUFORT DEVELOPMENTS LTD V GILBERT-ASH NI LTD AND OTHERS
650 _aHALKI SHIPPING CORPORATION V SOPEX OILS LTD
650 _aHOUSING GRANTS, CONSTRUCTION AND REGENERATION ACT 1996 S108
650 _aJCT 80
650 _aNORTHERN REGIONAL HEALTH AUTHORITY V DEREK CROUCH CONSTRUCTION LTD
690 _aBUILT ENVIRONMENT-BUILDING CONTRACT FORMS
942 _n0
948 _c21/07/1998
999 _c55215
_d55215